| 000 | 01271cam a22002778a 4500 | ||
|---|---|---|---|
| 001 | 14718804 | ||
| 005 | 20100216083022.0 | ||
| 008 | 070131s2008 nyu |rb 001 0 eng | ||
| 010 | _a 2007004615 | ||
| 020 | _a9780415235990 (hardback : alk. paper) | ||
| 040 |
_aDLC _cDLC _dDLC |
||
| 050 | 0 | 0 |
_aTG340 _b.B3975 2007 |
| 082 | 0 | 0 |
_a624.2 _222 _bBEN |
| 100 | 1 |
_aBenaim, Robert. _911958 |
|
| 245 | 1 | 4 |
_aThe Design of Prestressed Concrete Bridges : _bConcepts and Principles / _cRobert Benaim. |
| 260 |
_aNew York : _bTaylor & Francis, 2008 _c2008 |
||
| 263 | _a0708 | ||
| 300 |
_a581 p.: _bill.; _c25 cm. |
||
| 504 | _aIncludes bibliographical references (p.568-571) and index. | ||
| 650 | 0 |
_aPrestressed concrete bridges _xDesign and construction. _911959 |
|
| 856 | 4 | 1 |
_3Table of contents only _uhttp://www.loc.gov/catdir/toc/ecip0710/2007004615.html |
| 942 |
_2ddc _cNB |
||
| 999 |
_c13523 _d13523 |
||